Normal view
MARC view
Entry Topical Term
001 - CONTROL NUMBER
- control field: 25510
003 - CONTROL NUMBER IDENTIFIER
- control field: ARRUPE
005 - DATE AND TIME OF LATEST TRANSACTION
- control field: 20160825124053.0
008 - FIXED-LENGTH DATA ELEMENTS
- fixed length control field: 160825|| aca||aabn | a|a d
040 ## - CATALOGING SOURCE
- Original cataloging agency: ARRUPE
- Transcribing agency: ARRUPE
150 ## - HEADING--TOPICAL TERM
- Topical term or geographic name as entry element: Reformed Church
- General subdivision: Doctrines.
670 ## - SOURCE DATA FOUND
- Source citation: Work cat.: (ARRUPE)0: Redding, Graham, 1961- 25509, Prayer and the priesthood of Christ :, 2003.